000 00821nam a2200181 a 4500
008 120416s1990 ||||||||||||||||| || u
050 _aKJ 441 Chi
100 _aChibamba, Abraham
245 1 0 _aRight is mighty
260 _aZimbabwe
_bPLO
_c1990
300 _a240p.
350 _a0.00
650 _aLAW
650 0 _aHUMAN RIGHTS
995 _aANNEX COLLECTION (Main Library)
_D0.00
_e721824
_FCBU-MAIN LIBRARY (Kitwe)
_H3
_I25000.00
_jKJ 441 Chi
_M3
_UAVAILABLE
_y008200
_ZAnnex Low-Usage Collection
995 _aANNEX COLLECTION (Main Library)
_D0.00
_e721828
_FCBU-MAIN LIBRARY (Kitwe)
_H1
_I25000.00
_jKJ 441 Chi
_M1
_UAVAILABLE
_y008198
_ZAnnex Low-Usage Collection
995 _aANNEX COLLECTION (Main Library)
_D0.00
_e721825
_FCBU-MAIN LIBRARY (Kitwe)
_H2
_I25000.00
_jKJ 441 Chi
_M2
_UAVAILABLE
_y008199
_ZAnnex Low-Usage Collection
999 _c80226
_d80226